Hợp tác thương mại Singapore - Trung Quốc trong những năm 1990 - 2010 /
Tallennettuna:
| Päätekijä: | |
|---|---|
| Muut tekijät: | |
| Aineistotyyppi: | Artikkeli |
| Kieli: | Vietnamese |
| Aiheet: | |
| Tagit: |
Lisää tagi
Ei tageja, Lisää ensimmäinen tagi!
|
| Thư viện lưu trữ: | Thư viện Trường Đại học Đà Lạt |
|---|
| LEADER | 00877nam a2200289 4500 | ||
|---|---|---|---|
| 001 | DLU180184939 | ||
| 005 | ##20180516 | ||
| 040 | # | # | |a DLU |b vie |
| 041 | # | # | |a vie |
| 044 | # | # | |a vn |
| 100 | # | # | |a Phạm Ngọc Tâm. |
| 245 | # | # | |a Hợp tác thương mại Singapore - Trung Quốc trong những năm 1990 - 2010 / |c Phạm Ngọc Tâm, Tôn Nữ Hải Yến. |
| 653 | # | # | |a Hợp tác kinh tế |
| 653 | # | # | |a Hợp tác thương mại |
| 653 | # | # | |a Singapore |
| 653 | # | # | |a Trung Quốc |
| 700 | # | # | |a Tôn Nữ Hải Yến. |
| 773 | # | # | |t Nghiên cứu Đông Nam Á |g Số 8, 2016, tr. 24-33 |
| 920 | # | # | |a Phòng Tạp chí -- Trung tâm Thông tin - Thư viện Trường Đại học Đà Lạt |
| 994 | # | # | |a DLU |
| 900 | # | # | |a True |
| 911 | # | # | |a Hoàng Thị Huyền |
| 925 | # | # | |a G |
| 926 | # | # | |a A |
| 927 | # | # | |a BB |
| 980 | # | # | |a Thư viện Trường Đại học Đà Lạt |